| 000 | 00000nam 2200000zi 4500 |
| 001 | 9.939768 |
| 003 | CaOODSP |
| 005 | 20240625162230 |
| 006 | m o d f |
| 007 | cr mn||||||||| |
| 008 | 240624s2000 onc o f000 0 fre d |
| 040 | |aCaOODSP|bfre|erda|cCaOODSP |
| 043 | |an-cn-qu |
| 086 | 1 |aEn4-611/1-2000F-PDF |
| 245 | 00|aCAN-LAK : |bréduction de gaz à effet de serre et de composés organiques volatils grâce à des améliorations apportées aux opérations. |
| 264 | 1|a[Ottawa] : |bGouvernement du Canada, |c[2000?] |
| 300 | |a1 ressource en ligne (2 pages non numérotées) |
| 336 | |atexte|btxt|2rdacontent/fre |
| 337 | |ainformatique|bc|2rdamedia/fre |
| 338 | |aressource en ligne|bcr|2rdacarrier/fre |
| 500 | |aÉdition numérisée de l’imprimé [par Environnement et changement climatique Canada]. |
| 500 | |aPublié aussi en anglais sous le titre : CAN-LAK : greenhouse gases and volatile organic compounds reduced through operational improvements. |
| 610 | 26|aCAN-LAK Inc. |
| 650 | 6|aGaz à effet de serre|xRéduction|zQuébec (Province) |
| 650 | 6|aComposés organiques volatils|xAspect de l'environnement|zQuébec (Province) |
| 710 | 1 |aCanada. |bEnvironnement Canada, |eorganisme de publication. |
| 775 | 08|tCAN-LAK : |w(CaOODSP)9.930521 |
| 856 | 40|qPDF|s370 Ko|uhttps://publications.gc.ca/collections/collection_2024/eccc/en4/En4-611-1-2000-fra.pdf |